000 06492nam a22005537a 4500
005 20080605124127.0
008 080605t xxu||||| |||| 00| 0 eng d
010 _aB-263518-543
020 _a0755464885
_c135.00
035 _aB-263518-543
037 _a562
_bStar Book Point/4.5.08/4/8.4.08/19.5.08/135.00/
040 _aDPL
_bEN
082 _a359.9435
245 _aFighting ships:
_ban action-packed, visual guide to the world's most powerful fighting ships
260 _aBath
_bRobert Frederick
_c2006
260 _aDelhi
_bStar Book Point (Vendor)
_c2006
270 _a4 North Parade
_bBath BA1 1LF UK
270 _aDelhi
_bG/146 Geeta Colony
_e110031
300 _a45p.
_bcol. photos
_c27 cm (Hb)
942 _2ddc
_cCH
_h359.9435
_mFIG
999 _c13303
_d13303